000 00313nam a22001337a 4500
008 180207b xxu||||| |||| 00| 0 eng d
020 _a9780135109793
041 _aeng
080 _a343.9
100 _a13
101 _aJUR
245 _aCriminology a sociological understanding
_cBarkan,S.E
942 _2udc
_cBK
999 _c42036
_d42036